000 00540nam a2200205Ia 4500
005 20250923144445.0
008 008 250917s9999 xx 000 0 eng d
037 _aTextual
040 _aDSWL
_beng
_cDSWL
041 _aeng
_2eng
084 _qDSWL
100 _aJain, P.C.
_9825108
245 0 _aProblems in Indian economics
_cby P.C. Jain
260 _aAllhabad
_bChaitanya Publishing House
_c1953
300 _ax,444p.
365 _aINR
_b10.8
925 _g10.8
942 _cTEXL
999 _c1439120
_d1439120